000 00631nam a2200217 a 4500
001 BRCA_6686
005 20190320205543.0
008 171011s1876----gw-#######---#000-0#ger-#
041 _ager
044 _agw
050 4 _aPQ4317
_b.S7 1876
100 1 _aDante Alighieri
_d1265-1321
_916718
240 1 0 _aLa divina comedia
_f1830
245 1 0 _aDante Alighieri´s Göttliche Komödie
_cDante Alighieri; übersetzt und erläutert von Karl [Strectfusz].
260 _aLeipzig
_bPhilipp Reclam
_c1876
300 _a622 p.
_c14 cm.
500 _aL10
650 1 4 _aPoesías épicas italianas
_916719
902 _aGFM
942 _2lcc
_cB
999 _c6369
_d6369